00781nam a2200193Ia 4500008004100000020001500041082002500056100003300081245012800114260005000242260002800292260000900320300001000329500004300339650003300382942001500415999001700430952014000447260312s9999 xx 000 0 und d a9505083777 a342.2 N716f 1992 HNA aNino, Carlos Santiago911258 0aFundamentos de derecho constitucional: análisis filosófico, jurídico y politológico de la práctica constitucional aEditorial Astrea de Alfredo y Ricardo Depalma bBuenos Aires, Argentina c1992 a745p. aColección Humberto Nogueira Alcalá aDerecho constitucional91698 2ddccLIBRO c20040d20040 00102ddc40708CGaBCbBCd2025-08-30eDonación Humberto Nogueiral0o342.2 N716f 1992 HNAp27512r2026-04-28t1w2026-04-28yLIBRO